Difference equations (Record no. 8398)
[ view plain ]
| 000 -LEADER | |
|---|---|
| fixed length control field | 00656nam a22002297a 4500 |
| 003 - CONTROL NUMBER IDENTIFIER | |
| control field | OSt |
| 005 - DATE AND TIME OF LATEST TRANSACTION | |
| control field | 20240612101556.0 |
| 008 - FIXED-LENGTH DATA ELEMENTS--GENERAL INFORMATION | |
| fixed length control field | 240612b |||||||| |||| 00| 0 eng d |
| 020 ## - INTERNATIONAL STANDARD BOOK NUMBER | |
| International Standard Book Number | 012403330 |
| 040 ## - CATALOGING SOURCE | |
| Transcribing agency | Must |
| 082 ## - DEWEY DECIMAL CLASSIFICATION NUMBER | |
| Edition number | 2nd, |
| Classification number | 515.625 KEL 2001 |
| 100 ## - MAIN ENTRY--PERSONAL NAME | |
| Personal name | Kelley,Walter G |
| 9 (RLIN) | 17077 |
| 245 ## - TITLE STATEMENT | |
| Title | Difference equations |
| Remainder of title | An introduction with applications/ |
| Statement of responsibility, etc. | Walter G . kelley, |
| 250 ## - EDITION STATEMENT | |
| Edition statement | 2nd, |
| 260 ## - PUBLICATION, DISTRIBUTION, ETC. (IMPRINT) | |
| Place of publication, distribution, etc. | San Diego; |
| Name of publisher, distributor, etc. | Academic press: |
| Date of publication, distribution, etc. | c2001. |
| 300 ## - PHYSICAL DESCRIPTION | |
| Extent | ix,403; |
| Other physical details | ill: |
| Dimensions | 23cm. |
| 504 ## - BIBLIOGRAPHY, ETC. NOTE | |
| Bibliography, etc | Includes references and index |
| 600 ## - SUBJECT ADDED ENTRY--PERSONAL NAME | |
| Personal name | Equations |
| 9 (RLIN) | 17078 |
| 610 ## - SUBJECT ADDED ENTRY--CORPORATE NAME | |
| Source of heading or term | Equations |
| 700 ## - ADDED ENTRY--PERSONAL NAME | |
| Personal name | Peterson,Allan C. |
| 9 (RLIN) | 17079 |
| 942 ## - ADDED ENTRY ELEMENTS (KOHA) | |
| Source of classification or shelving scheme | Dewey Decimal Classification |
| Koha item type | Open Shelf |
| Withdrawn status | Lost status | Source of classification or shelving scheme | Damaged status | Not for loan | Home library | Current library | Date acquired | Inventory number | Total Checkouts | Full call number | Barcode | Date last seen | Price effective from | Koha item type |
|---|---|---|---|---|---|---|---|---|---|---|---|---|---|---|
| Other/Generic Classification Scheme | MUST Main Library | MUST Main Library | 12/06/2024 | 05/24947 | 515.625 KEL 2001 | 2024-20313 | 12/06/2024 | 12/06/2024 | Open Shelf | |||||
| Other/Generic Classification Scheme | MUST Main Library | MUST Main Library | 12/06/2024 | 05/24946 | 515.625 KEL 2001 | 2024-20314 | 12/06/2024 | 12/06/2024 | Open Shelf |
